00569nam a2200169Ia 4500008004100000020001800041041000800059082001800067100001900085245006200104250000600166260004200172300001400214650002500228999001900253952012700272210716s2008 xx 000 0 und d a9788120335998 aeng a658.4012 SRIR aSrinivasan, R. aStrategic management: the Indian context.bIndian context a4 aNew DelhibPHI Learning Pvt Ltdc2008 axviii,330 aStrategic Management c208311d208311 001040708MBAaAIMITbAIMITd2013-12-19g275.00l0o658.4012 SRIRpMBA10877r2026-05-23 00:00:00v206.25w2021-07-16yBK